000 00973 a2200229 4500
001 57153
005 20260407155834.0
008 260407a1994 arg spa d
003 AR-UNSa-BCEJYS
040 _aAR-UNSa-BCEJYS
_bspa
_cAR-UNSa-BCEJYS
080 _a37.015.3
_xPsicología de la educación
245 1 0 _aEducación y filosofía en el aula
020 _a84-493-0068-1
264 1 _aBarcelona :
_bPaidós
_c1994
300 _a123 p.
_c22 cm.
505 _a1. Nuevo concepto de educación – 2. Comienza el curso – 3. Yo soy el profesor – 4. Investigando en el aula: buscamos la verdad – 5. Nuestro primer día – 6. Descubrimos, investigamos y aprendemos juntos – 7. Evaluación, autoevaluación o que – 8. Y llegamos a este punto.
041 _aspa
942 _cBK
590 _aniveau_biblio:m niveau_hierar:0
100 1 _aCalvo, José M.
856 4 1 _uhttps://biblioeco.unsa.edu.ar/pmb/images/libros/L128723.jpg
_yImagen de portada
_qimage/jpeg
999 _c6145
_d6145